| 000 | 00525 a2200169 4500 | ||
|---|---|---|---|
| 999 |
_c5961 _d5961 |
||
| 020 | _a8181892097 | ||
| 050 | _aSF71 MAT 2007 | ||
| 100 |
_aMathialagan, P. _eauthor |
||
| 245 |
_aTextbook of animal husbandry & livestock extension / _cP. Mathialagan |
||
| 250 | _a3rd ed. | ||
| 264 |
_aLucknow : _bInternational Book Distributing Co., _c2007. |
||
| 300 |
_a546p. : _bill. |
||
| 500 | _aIncludes bibliographical references and index | ||
| 650 | _aLivestock | ||
| 650 | _aAnimal culture | ||
| 942 |
_2lcc _cBK _e3rd ed. _h71 _iMAT _kSF |
||